[Event "Belgrade Trophy 37th"]
[Site "Belgrade"]
[Date "2024.11.24"]
[Round "2"]
[White "Zhdanov, Petr"]
[Black "Baghdasaryan, Davit"]
[Result "0-1"]
[WhiteElo "1917"]
[BlackElo "2121"]
[PlyCount "51"]
[EventDate "2024.11.23"]
[EventType "swiss"]
[EventRounds "9"]
[EventCountry "SRB"]
[SourceTitle "CB49_2024"]
[SourceDate "2024.12.04"]
[SourceVersion "1"]
[SourceVersionDate "2024.12.04"]
[SourceQuality "1"]

1. e4 c5 2. d4 cxd4 3. c3 dxc3 4. Nxc3 Nc6 5. Nf3 d6 6. Bc4 a6 7. 0-0 Nf6 8. Qe2 Bg4 9. Be3 e6 10. h3 Bxf3 11. gxf3 Be7 12. Kh1 Qa5 13. Rg1 Qh5 14. Rg3 d5 15. exd5 exd5 16. Bb3 d4 17. Rxg7 Qxh3+ 18. Kg1 0-0-0 19. Bxf7 dxe3 20. Qxe3 Kb8 21. Rg3 Qh4 22. Be6 Bd6 23. Rh3 Qd4 24. Qh6 Bf4 25. Qh4 Qe5 26. Qxf6 0-1

[Event "Paracin op 16th"]
[Site "Paracin"]
[Date "2023.07.08"]
[Round "2"]
[White "Cuzovic, Ognjen"]
[Black "Zhdanov, Petr"]
[Result "0-1"]
[WhiteElo "2117"]
[BlackElo "1952"]
[PlyCount "90"]
[EventDate "2023.07.07"]
[EventType "swiss"]
[EventRounds "9"]
[EventCountry "SRB"]
[SourceTitle "EXT 2024"]
[Source "ChessBase"]
[SourceDate "2023.10.10"]
[SourceVersion "1"]
[SourceVersionDate "2023.10.10"]
[SourceQuality "1"]

1. d4 Nf6 2. c4 e6 3. Nf3 d5 4. Nc3 Bb4 5. e3 0-0 6. Qc2 b6 7. cxd5 exd5 8. Bd3 h6 9. 0-0 c5 10. a3 Bxc3 11. Qxc3 Nbd7 12. dxc5 bxc5 13. b4 Bb7 14. bxc5 Rc8 15. Qb4 Nxc5 16. Bf5 Rc7 17. Bb2 Ba6 18. Rfd1 Be2 19. Rd2 Bxf3 20. gxf3 Ne6 21. Rad1 Ng5 22. Qf4 Rc4 23. Qg3 g6 24. Bb1 Rh4 25. Kg2 Rh3 26. Qe5 Rxf3 27. h4 Qc8 28. hxg5 Qg4+ 29. Kf1 Rh3 30. Qg3 Rxg3 31. fxg3 Qf3+ 32. Kg1 Qxg3+ 33. Rg2 Qxe3+ 34. Kh1 Ng4 35. Bd4 Qf3 36. Re1 hxg5 37. Bc2 f6 38. Bd1 Qh3+ 39. Kg1 Ne5 40. Re3 Qf5 41. Rf2 Qb1 42. Rf1 Nc4 43. Re7 Nd2 44. Rfe1 Qd3 45. Bf2 Ne4 0-1

[Event "Veliko Gradiste Silver Lake op-A"]
[Site "Veliko Gradiste"]
[Date "2023.06.22"]
[Round "6"]
[White "Zhdanov, Petr"]
[Black "Srdanovic, Jovana"]
[Result "1/2-1/2"]
[WhiteElo "1933"]
[BlackElo "2047"]
[PlyCount "68"]
[EventDate "2023.06.18"]
[EventType "swiss"]
[EventRounds "9"]
[EventCountry "SRB"]
[SourceTitle "CBM 215 Extra"]
[Source "ChessBase"]
[SourceDate "2023.09.30"]
[SourceVersion "1"]
[SourceVersionDate "2023.09.30"]
[SourceQuality "1"]

1. e4 c5 2. d4 cxd4 3. c3 dxc3 4. Nxc3 Nc6 5. Nf3 d6 6. Bc4 g6 7. 0-0 Bg7 8. Bf4 Nf6 9. h3 0-0 10. Qe2 Nd7 11. Rad1 a6 12. a4 Nde5 13. Nxe5 Nxe5 14. Ba2 Bd7 15. Be3 Bc6 16. Bd4 b5 17. axb5 axb5 18. Bd5 Bxd5 19. Nxd5 e6 20. Nb6 Rb8 21. Qxb5 Nf3+ 22. gxf3 Bxd4 23. Rxd4 Rxb6 24. Qd3 Qg5+ 25. Kh2 Qf4+ 26. Kg2 Rfb8 27. Qd2 Qf6 28. b4 Rb5 29. f4 d5 30. exd5 exd5 31. Rd1 Qf5 32. Rxd5 Rxd5 33. Qxd5 Qxd5+ 34. Rxd5 Rxb4 1/2-1/2

[Event "Veliko Gradiste Silver Lake op-A"]
[Site "Veliko Gradiste"]
[Date "2023.06.20"]
[Round "4"]
[White "Zhdanov, Petr"]
[Black "Stojanov, Alexandar"]
[Result "1-0"]
[WhiteElo "1933"]
[BlackElo "2136"]
[PlyCount "47"]
[EventDate "2023.06.18"]
[EventType "swiss"]
[EventRounds "9"]
[EventCountry "SRB"]
[SourceTitle "CBM 215 Extra"]
[Source "ChessBase"]
[SourceDate "2023.09.30"]
[SourceVersion "1"]
[SourceVersionDate "2023.09.30"]
[SourceQuality "1"]

1. e4 c6 2. Nf3 d5 3. Nc3 dxe4 4. Nxe4 Nf6 5. Qe2 Nxe4 6. Qxe4 Qd5 7. Qh4 Qe6+ 8. Be2 Qg6 9. 0-0 Qxc2 10. Bc4 Qf5 11. d4 Nd7 12. Re1 Nf6 13. Bg5 e6 14. Rad1 Bd6 15. Bd3 Qa5 16. Bxf6 gxf6 17. Qxf6 Rf8 18. Bc4 Be7 19. Qg7 Bd7 20. Ne5 0-0-0 21. Nxf7 Rg8 22. Qxh7 Qb4 23. Nxd8 Rxd8 24. Bxe6 1-0

[Event "Paracin op-A 15th"]
[Site "Paracin"]
[Date "2022.07.09"]
[Round "2"]
[White "Ilamparthi, AR."]
[Black "Zhdanov, Petr"]
[Result "1/2-1/2"]
[WhiteElo "2153"]
[BlackElo "1919"]
[PlyCount "91"]
[EventDate "2022.07.08"]
[EventType "swiss"]
[EventRounds "9"]
[EventCountry "SRB"]
[SourceTitle "EXT 2023"]
[Source "ChessBase"]
[SourceDate "2022.10.05"]
[SourceVersion "1"]
[SourceVersionDate "2022.10.05"]
[SourceQuality "1"]

1. e4 c5 2. Nf3 e6 3. d3 Nc6 4. g3 g6 5. Bg2 Bg7 6. 0-0 Nge7 7. c3 e5 8. Be3 d6 9. d4 exd4 10. cxd4 Bg4 11. d5 Bxf3 12. Bxf3 Bxb2 13. dxc6 Bxa1 14. cxb7 Rb8 15. e5 Bxe5 16. Qa4+ Qd7 17. Qxa7 0-0 18. Nd2 d5 19. Rb1 Bc3 20. Qxc5 Bxd2 21. Bxd2 Rxb7 22. Rxb7 Qxb7 23. Bb4 Re8 24. Bc3 Rc8 25. Qd4 Rxc3 26. Qxc3 Qb1+ 27. Kg2 Qxa2 28. Qc5 Kf8 29. Qd6 Ke8 30. Qf6 h5 31. Qh8+ Kd7 32. Qf6 Ke8 33. g4 hxg4 34. Bxg4 Nf5 35. Bxf5 gxf5 36. Qxf5 Qc4 37. Qe5+ Kf8 38. Kg3 d4 39. h4 d3 40. h5 Qc2 41. Qh8+ Ke7 42. Qe5+ Kf8 43. Qb8+ Kg7 44. Qe5+ Kf8 45. Qd6+ Kg8 46. Qd5 1/2-1/2

[Event "Paracin op-A 15th"]
[Site "Paracin"]
[Date "2022.07.09"]
[Round "3"]
[White "Zhdanov, Petr"]
[Black "Harikrishnan, A Ra"]
[Result "0-1"]
[WhiteElo "1919"]
[BlackElo "2396"]
[PlyCount "96"]
[EventDate "2022.07.08"]
[EventType "swiss"]
[EventRounds "9"]
[EventCountry "SRB"]
[SourceTitle "EXT 2023"]
[Source "ChessBase"]
[SourceDate "2022.10.05"]
[SourceVersion "1"]
[SourceVersionDate "2022.10.05"]
[SourceQuality "1"]

1. e4 e6 2. d4 d5 3. Nc3 Nf6 4. e5 Nfd7 5. f4 c5 6. Nf3 Nc6 7. Be3 a6 8. Qd2 b5 9. a3 Qb6 10. Ne2 b4 11. axb4 cxb4 12. Ng3 g6 13. h4 h5 14. Bd3 a5 15. 0-0 Ba6 16. Ng5 Bxd3 17. Qxd3 Qa6 18. Qd1 Nb6 19. f5 exf5 20. Qf3 Qc8 21. Rae1 Be7 22. Ne2 Nd8 23. Nf4 Bxg5 24. hxg5 Qc6 25. e6 Nxe6 26. Bf2 0-0-0 27. Nxe6 fxe6 28. b3 Kb7 29. Re2 Rhe8 30. Rfe1 Rc8 31. Bg3 Qd7 32. Qf4 Rc6 33. Ra1 Ra8 34. Qe5 Qf7 35. Be1 Nd7 36. Qe3 Raa6 37. Qd3 Qe7 38. Bd2 Rcb6 39. c3 bxc3 40. Qxc3 Qb4 41. Qf3 Qxb3 42. Re3 Qc2 43. Bxa5 Qb2 44. Rea3 Qxd4+ 45. Kh2 Ne5 46. Qg3 h4 47. Qe1 Rb2 48. Kh1 Nd3 0-1

[Event "Nezhmetdinov Memorial 37th"]
[Site "Kazan"]
[Date "2015.06.07"]
[Round "8"]
[White "Zhdanov, Petr"]
[Black "Elistratov, Semen"]
[Result "0-1"]
[WhiteElo "2041"]
[BlackElo "2244"]
[PlyCount "82"]
[EventDate "2015.05.31"]
[EventType "swiss"]
[EventRounds "9"]
[EventCountry "RUS"]
[SourceTitle "CBM 166 Extra"]
[Source "ChessBase"]
[SourceDate "2015.06.18"]
[SourceVersion "1"]
[SourceVersionDate "2015.06.18"]
[SourceQuality "1"]

1. e4 c5 2. Nf3 d6 3. d4 cxd4 4. Nxd4 Nf6 5. Nc3 a6 6. h3 e6 7. g4 h6 8. Bg2 Be7 9. Be3 Nc6 10. Qe2 Nxd4 11. Bxd4 e5 12. Be3 b5 13. a3 0-0 14. 0-0 Be6 15. Rfd1 Rc8 16. f4 exf4 17. Bxf4 Qc7 18. Rd2 Nd7 19. Rad1 Ne5 20. Bxe5 dxe5 21. Nd5 Bxd5 22. exd5 Bd6 23. Be4 Qe7 24. c3 g6 25. Qd3 Qg5 26. Rg2 Rc4 27. Rf1 Kh7 28. Kh2 Qh4 29. b3 Rc7 30. Kg1 Rfc8 31. Rc2 Qg5 32. Kh1 h5 33. gxh5 f5 34. Bg2 Qxh5 35. c4 Qh4 36. Rfc1 Kg7 37. Bf1 Qf4 38. b4 Rxc4 39. Rxc4 bxc4 40. Qc2 e4 41. Rb1 Qf3+ 0-1

[Event "Nezhmetdinov Memorial 37th"]
[Site "Kazan"]
[Date "2015.06.04"]
[Round "5"]
[White "Khlopushin, Dmitriy"]
[Black "Zhdanov, Petr"]
[Result "1-0"]
[WhiteElo "1724"]
[BlackElo "2041"]
[PlyCount "91"]
[EventDate "2015.05.31"]
[EventType "swiss"]
[EventRounds "9"]
[EventCountry "RUS"]
[SourceTitle "CBM 166 Extra"]
[Source "ChessBase"]
[SourceDate "2015.06.18"]
[SourceVersion "1"]
[SourceVersionDate "2015.06.18"]
[SourceQuality "1"]

1. e4 c5 2. d4 cxd4 3. c3 dxc3 4. Nxc3 Nc6 5. Nf3 e6 6. Bc4 Bb4 7. Bd2 Nge7 8. 0-0 0-0 9. Qe2 d5 10. exd5 exd5 11. Bd3 Bf5 12. a3 Bxd3 13. Qxd3 Ba5 14. b4 Bc7 15. Ng5 g6 16. Rfe1 Qd7 17. Nf3 Rad8 18. b5 Na5 19. Bh6 Rfe8 20. Bg5 Qd6 21. a4 f6 22. Bh4 Nc4 23. Bg3 Qd7 24. Bxc7 Qxc7 25. Nxd5 Rxd5 26. Rxe7 Qxe7 27. Qxd5+ Qf7 28. Qxf7+ Kxf7 29. Ra2 Re4 30. h3 Ke6 31. Kh2 Kd5 32. Ra1 Kc5 33. Rd1 Nd6 34. Rc1+ Rc4 35. Ra1 Kb4 36. Rd1 Kc5 37. Ra1 Kb4 38. Rd1 Kc5 39. Ra1 Ne4 40. Kg1 Nc3 41. Re1 Re4 42. Rc1 Kb4 43. Kh2 Re7 44. Nd2 Nxa4 45. Rb1+ Ka5 46. Nc4# 1-0

[Event "Nezhmetdinov Memorial 37th"]
[Site "Kazan"]
[Date "2015.06.01"]
[Round "2"]
[White "Kurninov, Andrei"]
[Black "Zhdanov, Petr"]
[Result "0-1"]
[WhiteElo "1763"]
[BlackElo "2041"]
[PlyCount "36"]
[EventDate "2015.05.31"]
[EventType "swiss"]
[EventRounds "9"]
[EventCountry "RUS"]
[SourceTitle "CBM 166 Extra"]
[Source "ChessBase"]
[SourceDate "2015.06.18"]
[SourceVersion "1"]
[SourceVersionDate "2015.06.18"]
[SourceQuality "1"]

1. e4 e5 2. Nf3 Nc6 3. Bc4 Bc5 4. b4 Bxb4 5. c3 Ba5 6. 0-0 Nf6 7. d4 Nxe4 8. dxe5 0-0 9. Ba3 d6 10. Qc1 Bg4 11. Qe3 Bxf3 12. gxf3 Ng5 13. exd6 Re8 14. Qc5 Re5 15. Bd5 Nxf3+ 16. Kg2 Qg5+ 17. Kxf3 Rxd5 18. Qe3 Rf5+ 0-1

[Event "Saratov Regional-ch"]
[Site "Saratov"]
[Date "2014.12.09"]
[Round "4"]
[White "Petukhov, Dmitry"]
[Black "Zhdanov, Petr"]
[Result "1-0"]
[WhiteElo "2359"]
[BlackElo "2060"]
[PlyCount "109"]
[EventDate "2014.12.06"]
[EventType "swiss"]
[EventRounds "9"]
[EventCountry "RUS"]
[SourceTitle "CBM 164 Extra"]
[Source "ChessBase"]
[SourceDate "2015.03.02"]
[SourceVersion "1"]
[SourceVersionDate "2015.03.02"]
[SourceQuality "1"]

1. e4 e5 2. Nf3 Nc6 3. Bb5 a6 4. Ba4 Nf6 5. 0-0 Be7 6. Re1 b5 7. Bb3 0-0 8. h3 Bb7 9. c3 d5 10. exd5 Nxd5 11. Nxe5 Nxe5 12. Rxe5 Nf4 13. d4 Nxg2 14. Qg4 Nh4 15. Nd2 Bf6 16. Re3 Bc8 17. Qh5 Nf5 18. Re1 g6 19. Qf3 Rb8 20. Ne4 Bb7 21. Nxf6+ Qxf6 22. d5 c5 23. Bc2 Rbd8 24. Rd1 Rfe8 25. Bxf5 Qxf5 26. Qxf5 gxf5 27. d6 Re6 28. Bf4 Rg6+ 29. Kf1 Rd7 30. Rd3 c4 31. Re3 Re6 32. Rae1 Rxe3 33. Rxe3 f6 34. Re8+ Kf7 35. Rb8 Ke6 36. Ke2 Rf7 37. Ke3 Kd5 38. h4 Bc6 39. h5 Bb7 40. h6 Bc6 41. Rg8 Rd7 42. Rg7 Kc5 43. Rg8 Bb7 44. Rf8 Be4 45. f3 Bb1 46. a3 a5 47. Rc8+ Kd5 48. Rc7 Ke6 49. Kd4 Bc2 50. Kc5 Bd1 51. Kxb5 Bxf3 52. Kxc4 a4 53. Kb5 Bd1 54. Kb6 Bf3 55. c4 1-0

[Event "Saratov Regional-ch"]
[Site "Saratov"]
[Date "2014.12.08"]
[Round "3"]
[White "Zhdanov, Petr"]
[Black "Brekhov, Denis"]
[Result "1-0"]
[WhiteElo "2060"]
[BlackElo "1949"]
[PlyCount "63"]
[EventDate "2014.12.06"]
[EventType "swiss"]
[EventRounds "9"]
[EventCountry "RUS"]
[SourceTitle "CBM 164 Extra"]
[Source "ChessBase"]
[SourceDate "2015.03.02"]
[SourceVersion "1"]
[SourceVersionDate "2015.03.02"]
[SourceQuality "1"]

1. e4 c5 2. Nf3 d6 3. d4 cxd4 4. Nxd4 Nf6 5. Nc3 g6 6. Be3 Bg7 7. f3 0-0 8. Qd2 Nc6 9. 0-0-0 d5 10. Kb1 Nxd4 11. e5 Nf5 12. exf6 Bxf6 13. Nxd5 Qxd5 14. Qxd5 Nxe3 15. Qd2 Nxd1 16. Qxd1 Be6 17. Bb5 a6 18. Ba4 b5 19. Bb3 Bxb3 20. axb3 a5 21. Qe2 a4 22. Ka2 Rfc8 23. g4 axb3+ 24. Kxb3 Rc4 25. h4 Rca4 26. g5 Bg7 27. Qxe7 Bf8 28. Qe1 Rf4 29. c3 Rc8 30. h5 b4 31. hxg6 hxg6 32. Qe5 1-0

[Event "Chigorin Memorial 22nd"]
[Site "St Petersburg"]
[Date "2014.10.19"]
[Round "2"]
[White "Zhdanov, Petr"]
[Black "Sapegin, Yaroslav"]
[Result "1-0"]
[WhiteElo "2040"]
[BlackElo "1587"]
[PlyCount "101"]
[EventDate "2014.10.18"]
[EventType "swiss"]
[EventRounds "9"]
[EventCountry "RUS"]
[SourceTitle "EXT 2015"]
[Source "ChessBase"]
[SourceDate "2014.11.20"]
[SourceVersion "1"]
[SourceVersionDate "2014.11.20"]
[SourceQuality "1"]

1. e4 c5 2. Nf3 e6 3. d4 cxd4 4. Nxd4 a6 5. Bd3 Bc5 6. Nb3 Be7 7. 0-0 Nc6 8. f4 d6 9. Nc3 Nf6 10. Be3 b5 11. Qf3 Bb7 12. e5 Nd7 13. exd6 Bxd6 14. Rad1 Qe7 15. Ne4 Bb8 16. Nbc5 Nxc5 17. Nxc5 Ba7 18. Be4 Bxc5 19. Bxc6+ Kf8 20. Rd7 Bxc6 21. Rxe7 Bxf3 22. Bxc5 Bd5 23. Rxe6+ Kg8 24. Rd6 Be4 25. Rfd1 h5 26. c3 Kh7 27. R1d4 Bf5 28. a4 Rae8 29. Rb4 bxa4 30. Rxa4 Re6 31. Kf2 Rxd6 32. Bxd6 Bd7 33. Ra5 Bb5 34. b3 g6 35. c4 Bc6 36. g3 Bb7 37. Ke3 Re8+ 38. Kd4 Re2 39. h4 Rd2+ 40. Kc5 Rd3 41. b4 Bc8 42. Kc6 Be6 43. c5 Bc4 44. Kb6 Bb5 45. Rxb5 axb5 46. Kxb5 f5 47. Kc6 Rxg3 48. b5 Rb3 49. b6 Rb4 50. b7 g5 51. fxg5 1-0

[Event "Nezhmetdinov Memorial 36th"]
[Site "Kazan"]
[Date "2014.06.07"]
[Round "8"]
[White "Galimov, Ildus"]
[Black "Zhdanov, Petr"]
[Result "0-1"]
[WhiteElo "1926"]
[BlackElo "2021"]
[PlyCount "96"]
[EventDate "2014.05.31"]
[EventType "swiss"]
[EventRounds "9"]
[EventCountry "RUS"]
[SourceTitle "CBM 160 Extra"]
[Source "ChessBase"]
[SourceDate "2014.07.01"]
[SourceVersion "1"]
[SourceVersionDate "2014.07.01"]
[SourceQuality "1"]

1. d4 Nf6 2. Nc3 d5 3. Bg5 c5 4. e3 cxd4 5. exd4 Nc6 6. Bb5 Qa5 7. Qd2 e6 8. Nge2 Bb4 9. Bxf6 gxf6 10. 0-0 Qxb5 11. Nxb5 Bxd2 12. Nc7+ Kd7 13. Nxa8 b5 14. Rfd1 Ba5 15. c3 Bb7 16. b4 Bd8 17. a4 a6 18. axb5 axb5 19. Nf4 Kc8 20. Ra2 Re8 21. Nh5 Kb8 22. Rda1 e5 23. Nb6 Bxb6 24. Nxf6 Rd8 25. dxe5 Nxe5 26. Re2 Nd3 27. Rd1 Nf4 28. Re7 Kc8 29. Nxh7 d4 30. Rxf7 Ne2+ 31. Kf1 Nxc3 32. Rc1 Bd5 33. Rf8 Bc4+ 34. Ke1 Na2 35. Rxd8+ Kxd8 36. Rb1 Nxb4 37. Rxb4 Ba5 38. Ng5 Bxb4+ 39. Kd1 d3 40. Ne4 Ke7 41. g4 Ke6 42. g5 Kf5 43. f3 Bb3+ 44. Kc1 d2+ 45. Nxd2 Bxd2+ 46. Kxd2 Kxg5 47. Kc3 Bc4 48. h3 Kh4 0-1

[Event "Nezhmetdinov Memorial 36th"]
[Site "Kazan"]
[Date "2014.06.02"]
[Round "3"]
[White "Zhdanov, Petr"]
[Black "Lomasov, Semen"]
[Result "0-1"]
[WhiteElo "2021"]
[BlackElo "2188"]
[PlyCount "74"]
[EventDate "2014.05.31"]
[EventType "swiss"]
[EventRounds "9"]
[EventCountry "RUS"]
[SourceTitle "CBM 160 Extra"]
[Source "ChessBase"]
[SourceDate "2014.07.01"]
[SourceVersion "1"]
[SourceVersionDate "2014.07.01"]
[SourceQuality "1"]

1. e4 e6 2. d4 d5 3. Nc3 Bb4 4. Nge2 dxe4 5. a3 Bxc3+ 6. Nxc3 Nc6 7. d5 exd5 8. Qxd5 Be6 9. Qxe4 Nf6 10. Qh4 0-0 11. Bd2 Qd4 12. Qxd4 Nxd4 13. Bd3 Bf5 14. Bxf5 Rfe8+ 15. Kf1 Nxf5 16. Bg5 Ne4 17. Nxe4 Rxe4 18. f3 Rc4 19. c3 h6 20. Bc1 Rd8 21. Kf2 Rc6 22. Re1 g5 23. Re5 Nh4 24. Be3 Ng6 25. Re4 f5 26. Rd4 Re8 27. Re1 Rce6 28. Bd2 Rxe1 29. Bxe1 c5 30. Rd7 Ne5 31. Rd5 c4 32. Kf1 Kf7 33. Bf2 Ke6 34. Rd4 b5 35. Rd2 a6 36. Re2 Kf7 37. b3 cxb3 0-1

[Event "Nezhmetdinov Memorial 36th"]
[Site "Kazan"]
[Date "2014.06.01"]
[Round "2"]
[White "Yuferev, Oleg"]
[Black "Zhdanov, Petr"]
[Result "1/2-1/2"]
[WhiteElo "2250"]
[BlackElo "2021"]
[PlyCount "173"]
[EventDate "2014.05.31"]
[EventType "swiss"]
[EventRounds "9"]
[EventCountry "RUS"]
[SourceTitle "CBM 160 Extra"]
[Source "ChessBase"]
[SourceDate "2014.07.01"]
[SourceVersion "1"]
[SourceVersionDate "2014.07.01"]
[SourceQuality "1"]

1. Nf3 Nf6 2. c4 e6 3. g3 d5 4. d4 dxc4 5. Bg2 Nc6 6. Qa4 Bb4+ 7. Bd2 Nd5 8. Bxb4 Ndxb4 9. 0-0 0-0 10. a3 Nd5 11. Qxc4 Nb6 12. Qc3 Qe7 13. Nbd2 Re8 14. Rac1 e5 15. dxe5 Bg4 16. e3 Rad8 17. h3 Bc8 18. Nd4 Nxe5 19. Qxc7 Rd7 20. Qc2 Nd5 21. Qb3 Nf6 22. Rc2 Rc7 23. Rfc1 Rxc2 24. Rxc2 h5 25. Qb4 Qd8 26. Qc5 Nd3 27. Qc7 Qxc7 28. Rxc7 Nxb2 29. N2b3 a6 30. Na5 b5 31. Nb7 Nc4 32. a4 Bxb7 33. Bxb7 Na5 34. Bxa6 bxa4 35. Bb5 Rb8 36. Bxa4 Rb1+ 37. Kg2 Rb2 38. Bc2 g6 39. Rc5 Nb7 40. Rc6 Nd5 41. Kf1 Kg7 42. Be4 Nf6 43. Bf3 Na5 44. Rc7 Ne8 45. Rc3 Nf6 46. Kg2 Nb7 47. Rc6 Ne8 48. Rc2 Rxc2 49. Nxc2 Nc5 50. Nd4 Nd6 51. Bd5 f6 52. Kf3 g5 53. Ne6+ Nxe6 54. Bxe6 f5 55. h4 Kf6 56. Bb3 Ne4 57. hxg5+ Kxg5 58. Kg2 Nf6 59. Bd1 Nd5 60. f4+ Kg6 61. Kf3 Nf6 62. Bc2 Ng4 63. e4 fxe4+ 64. Bxe4+ Kf6 65. Bb1 Nh2+ 66. Kg2 Ng4 67. Kh3 Kg7 68. Kh4 Kh6 69. Bc2 Ne3 70. Be4 Ng4 71. Bf3 Ne3 72. Kh3 Kg6 73. Bc6 Ng4 74. Be8+ Kh6 75. Kg2 Nf6 76. Bf7 Kg7 77. Bb3 Ng4 78. Be6 Nf6 79. Kf3 Kg6 80. Ke3 Nh7 81. Bd5 Nf6 82. Be4+ Kh6 83. Bf3 Kg6 84. Kd4 Kf5 85. Ke3 Ng4+ 86. Kd4 Nf6 87. Ke3 1/2-1/2

[Event "Nezhmetdinov Memorial 36th"]
[Site "Kazan"]
[Date "2014.05.31"]
[Round "1"]
[White "Zhdanov, Petr"]
[Black "Yagupov, Igor"]
[Result "0-1"]
[WhiteElo "2021"]
[BlackElo "2414"]
[PlyCount "66"]
[EventDate "2014.05.31"]
[EventType "swiss"]
[EventRounds "9"]
[EventCountry "RUS"]
[SourceTitle "CBM 160 Extra"]
[Source "ChessBase"]
[SourceDate "2014.07.01"]
[SourceVersion "1"]
[SourceVersionDate "2014.07.01"]
[SourceQuality "1"]

1. e4 c5 2. Nf3 Nc6 3. d4 cxd4 4. Nxd4 Qb6 5. Nxc6 bxc6 6. Bd3 g6 7. 0-0 Bg7 8. Nc3 d6 9. Na4 Qc7 10. f4 Nf6 11. h3 0-0 12. Be3 Nd7 13. Rb1 e5 14. f5 d5 15. fxg6 hxg6 16. exd5 cxd5 17. Qd2 Bb7 18. b3 f5 19. Bh6 e4 20. Bxg7 Kxg7 21. Be2 f4 22. Bg4 Ne5 23. Qd4 Kh7 24. Nc5 Qb6 25. Qxe5 Qxc5+ 26. Kh1 Rae8 27. Qb2 d4 28. b4 Qe5 29. Qa3 a6 30. b5 axb5 31. Bd7 f3 32. Rxb5 Qg3 33. gxf3 exf3 0-1

[Event "Dvorkovich Memorial op"]
[Site "Taganrog"]
[Date "2014.01.25"]
[Round "8"]
[White "Hudyakov, Sergey"]
[Black "Zhdanov, Petr"]
[Result "1-0"]
[WhiteElo "2094"]
[BlackElo "2010"]
[PlyCount "69"]
[EventDate "2014.01.18"]
[EventType "swiss"]
[EventRounds "9"]
[EventCountry "RUS"]
[SourceTitle "CBM 158 Extra"]
[Source "ChessBase"]
[SourceDate "2014.02.28"]
[SourceVersion "1"]
[SourceVersionDate "2014.02.28"]
[SourceQuality "1"]

1. d4 Nf6 2. c4 g6 3. Nc3 d5 4. Nf3 Bg7 5. cxd5 Nxd5 6. e4 Nxc3 7. bxc3 c5 8. Rb1 0-0 9. Be2 cxd4 10. cxd4 Qa5+ 11. Bd2 Qd8 12. Bc3 Nc6 13. Qd2 e6 14. 0-0 b6 15. Rfc1 Ne7 16. Bb4 Bb7 17. Qg5 f6 18. Qh4 Qd7 19. Bb5 Qxb5 20. Bxe7 Qe2 21. Bxf8 Rxf8 22. Re1 Qxa2 23. Ra1 Qc2 24. Rxa7 Ba8 25. Qf4 e5 26. dxe5 fxe5 27. Qh4 Re8 28. Ng5 h6 29. Ne6 Rxe6 30. Qd8+ Bf8 31. Rxa8 Qc5 32. Rd1 b5 33. g3 b4 34. Rd7 b3 35. Raa7 1-0

[Event "Dvorkovich Memorial op"]
[Site "Taganrog"]
[Date "2014.01.23"]
[Round "6"]
[White "Bekker, Maxim"]
[Black "Zhdanov, Petr"]
[Result "0-1"]
[WhiteElo "2211"]
[BlackElo "2010"]
[PlyCount "82"]
[EventDate "2014.01.18"]
[EventType "swiss"]
[EventRounds "9"]
[EventCountry "RUS"]
[SourceTitle "CBM 158 Extra"]
[Source "ChessBase"]
[SourceDate "2014.02.28"]
[SourceVersion "1"]
[SourceVersionDate "2014.02.28"]
[SourceQuality "1"]

1. c4 c5 2. Nc3 Nf6 3. g3 d5 4. cxd5 Nxd5 5. Bg2 Nxc3 6. bxc3 Nc6 7. Nf3 g6 8. 0-0 Bg7 9. Rb1 0-0 10. Qc2 e5 11. d3 Qc7 12. Qa4 Bd7 13. Qh4 h5 14. h3 Rfe8 15. g4 hxg4 16. Ng5 gxh3 17. Bd5 Nd8 18. f4 Bc6 19. Bb3 e4 20. d4 b5 21. Be3 c4 22. Bc2 Qa5 23. Qh7+ Kf8 24. Qxh3 Qxc3 25. d5 Bd4 26. Bxd4 Qxd4+ 27. e3 Qxd5 28. Rbd1 Qf5 29. Qh8+ Ke7 30. Qd4 Nb7 31. Qb2 Rad8 32. Qa3+ Qc5 33. Qc3 b4 34. Qg7 Qxe3+ 35. Kg2 Rd2+ 36. Kh1 Nd6 37. Rfe1 Rxd1 38. Rxd1 Qxf4 39. Rxd6 Qxd6 40. Qxf7+ Kd8 41. Qh7 e3+ 0-1

[Event "Saratov Regional-ch"]
[Site "Saratov"]
[Date "2013.06.09"]
[Round "9"]
[White "Zhdanov, Petr"]
[Black "Kavyev, Ruslan"]
[Result "1/2-1/2"]
[WhiteElo "2025"]
[BlackElo "1835"]
[PlyCount "82"]
[EventDate "2013.06.01"]
[EventType "swiss"]
[EventRounds "9"]
[EventCountry "RUS"]
[SourceTitle "EXT 2014"]
[Source "ChessBase"]
[SourceDate "2013.11.20"]
[SourceVersion "1"]
[SourceVersionDate "2013.11.20"]
[SourceQuality "1"]

1. e4 e5 2. d4 exd4 3. Qxd4 Nc6 4. Qe3 Nf6 5. Nc3 Be7 6. Bc4 0-0 7. Nf3 d6 8. 0-0 Bg4 9. Nd4 Ne5 10. Be2 Bxe2 11. Qxe2 Qd7 12. f4 Nc6 13. Nf5 d5 14. Nxe7+ Qxe7 15. e5 Qc5+ 16. Kh1 d4 17. exf6 dxc3 18. Qg4 g6 19. f5 Ne5 20. Qh3 Rfd8 21. bxc3 Rd5 22. a4 Qd6 23. fxg6 hxg6 24. Ba3 c5 25. Qh6 Qf8 26. Qf4 Nc6 27. g4 Rad8 28. Rae1 g5 29. Qg3 Qh6 30. Re2 Rd1 31. Ref2 b6 32. Rxd1 Rxd1+ 33. Kg2 Qg6 34. Qf3 Rd6 35. Bc1 Ne5 36. Qf5 Re6 37. h3 Qxf5 38. Rxf5 Ng6 39. Bxg5 Re2+ 40. Rf2 Re4 41. Rd2 Rxa4 1/2-1/2

[Event "Saratov Rector Cup"]
[Site "Saratov"]
[Date "2011.09.11"]
[Round "3"]
[White "Matinian, Nikita"]
[Black "Zhdanov, Petr"]
[Result "1-0"]
[WhiteElo "2393"]
[BlackElo "2004"]
[PlyCount "69"]
[EventDate "2011.09.09"]
[EventType "tourn"]
[EventRounds "9"]
[EventCountry "RUS"]
[SourceTitle "EXT 2012"]
[Source "ChessBase"]
[SourceDate "2011.11.24"]
[SourceVersion "1"]
[SourceVersionDate "2011.11.24"]
[SourceQuality "1"]

1. d4 Nf6 2. c4 g6 3. Nc3 d5 4. cxd5 Nxd5 5. e4 Nxc3 6. bxc3 Bg7 7. Be3 0-0 8. Qd2 c5 9. Rc1 cxd4 10. cxd4 Nc6 11. d5 Ne5 12. h3 f5 13. f4 fxe4 14. fxe5 Bxe5 15. Bc4 Bg3+ 16. Kd1 Bd7 17. Ne2 Bd6 18. Nd4 Rc8 19. Bb3 a5 20. Rxc8 Bxc8 21. Qc2 a4 22. Bxa4 Qa5 23. Bb3 Bd7 24. Nc6 Bxc6 25. dxc6+ Kh8 26. cxb7 Be5 27. Ke2 Qb5+ 28. Qc4 Qxb7 29. Qd5 Qb8 30. Rc1 Bf6 31. Qxe4 Qb5+ 32. Rc4 Qh5+ 33. Qg4 Qe5 34. Rc8 Qb2+ 35. Kf3 1-0

[Event "Saratov op"]
[Site "Saratov"]
[Date "2011.08.05"]
[Round "7"]
[White "Zhdanov, Petr"]
[Black "Alimov, Ravil"]
[Result "0-1"]
[WhiteElo "2010"]
[BlackElo "1877"]
[PlyCount "72"]
[EventDate "2011.07.28"]
[EventType "swiss"]
[EventRounds "9"]
[EventCountry "RUS"]
[SourceTitle "EXT 2012"]
[Source "ChessBase"]
[SourceDate "2011.11.24"]
[SourceVersion "1"]
[SourceVersionDate "2011.11.24"]
[SourceQuality "1"]

1. e4 e5 2. Bc4 Nc6 3. Nf3 Bc5 4. 0-0 Nf6 5. d3 d6 6. h3 Be6 7. Bb3 0-0 8. c3 Bb6 9. Nbd2 Na5 10. Bc2 c5 11. c4 Nd7 12. Nb3 h6 13. Nh2 f5 14. exf5 Bxf5 15. Ng4 Nf6 16. f4 exf4 17. Bxf4 Nxg4 18. hxg4 Bg6 19. Qd2 Nxb3 20. axb3 Qd7 21. Rf3 Rf6 22. Rg3 Raf8 23. Be3 Qf7 24. Qc1 Bc7 25. g5 hxg5 26. Rxg5 Qe7 27. Qd2 Re6 28. Bf2 Re2 29. Re1 Rfxf2 30. Rxg6 Qf7 31. Rxe2 Rf1+ 32. Kh2 Qxg6 33. d4 Qh5+ 34. Kg3 d5+ 35. Re5 Bxe5+ 36. dxe5 Qxe5+ 0-1